Imiona polskich raperów - Statystyki

Ogólne statystyki
  • Ten quiz został rozwiązany 1 091 razy
  • Średni wynik to 9 z 15
Statystyki odpowiedzi
Raper Imię % Poprawnych
Quebonafide Jakub
90%
Bedoes Borys
89%
Mata Michał
89%
Taco Hemingway Filip
70%
Szpaku Mateusz
68%
Kizo Patryk
65%
White2115 Sebastian
64%
ReTo Igor
61%
Peja Ryszard
59%
Chada Tomasz
57%
Popek Paweł
50%
Sarius Mariusz
48%
Paluch Łukasz
30%
O .S .T .R Adam
26%
Kali Marcin
26%
Nie znaleziono quizów pasujących do podanych kryteriów
Rozkład punktacji
Procent ludzi z każdym wynikiem
Percentyl według liczby udzielonych odpowiedzi
Twoja historia wyników
Nie rozwiązałeś tego quizu